| 000 | 02155cam a2200373 i 4500 | ||
|---|---|---|---|
| 001 | 8388201 | ||
| 003 | EG-ScBUE | ||
| 005 | 20251202094346.0 | ||
| 008 | 080421s2008 nyu f 000 0 eng d | ||
| 020 | _a9780307473479 | ||
| 035 | _a(OCoLC)226304725 | ||
| 035 | _a8388201 | ||
| 040 |
_aDLC _beng _erda _cDLC _dBAKER _dBTCTA _dYDXCP _dUPZ _dC#P _dCDX _dBWX _dABG _dJZ6 _dEG-ScBUE |
||
| 041 | 1 |
_aeng _hswe |
|
| 082 | 0 | 4 |
_222 _a741.5942 _bLAR |
| 100 | 1 |
_aLarsson, Stieg, _d1954-2004. _eauthor. |
|
| 240 | 1 | 0 |
_aM�an som hatar kvinnor. _lEnglish |
| 245 | 1 | 4 |
_aThe Girl with the dragon tattoo / _cby Stieg Larsson ; translated from the Swedish by Reg Keeland. |
| 264 | 1 |
_aNew York : _bVintage Books, _c2009. |
|
| 300 |
_a465 pages ; _c25 cm |
||
| 336 |
_2rdacontent _atext _btxt |
||
| 337 |
_2rdamedia _aunmediated _bn |
||
| 338 |
_2rdacarrier _avolume _bnc |
||
| 500 | _aOriginally published: Stockholm : Norstedt, 2005. | ||
| 520 | _aThe disappearance forty years ago of Harriet Vanger, a young scion of one of the wealthiest families in Sweden, gnaws at her octogenarian uncle, Henrik Vanger. He is determined to know the truth about what he believes was her murder. He hires crusading journalist Mikael Blomkvist, recently at the wrong end of a libel case, to get to the bottom of Harriet's disappearance. Lisbeth Salander, a twenty-four-year-old, pierced, tattooed genius hacker, possessed of the hard-earned wisdom of someone twice her age--and a terrifying capacity for ruthlessness--assists Blomkvist with the investigation. This unlikely team discovers a vein of nearly unfathomable iniquity running through the Vanger family, an astonishing corruption at the highest echelon of Swedish industrialism--and a surprising connection between themselves.--From publisher description. | ||
| 546 | _aText in English ; translated from the original Swedish language. | ||
| 650 | 7 |
_aMissing persons _zSweden _vFiction. _2BUEsh |
|
| 650 | 7 |
_aRich people _zSweden _vFiction. _2BUEsh |
|
| 650 | 7 |
_aCorruption _zSweden _vFiction. _2BUEsh |
|
| 651 | 7 |
_aSweden _vFiction. _2BUEsh |
|
| 655 | _vReading book | ||
| 700 | 1 |
_aKeeland, Reg, _etranslator. |
|
| 942 |
_2ddc _cBB |
||
| 999 |
_c31043 _d31014 |
||